|
|
|
|
| LEADER |
00000nam0a2200000 4500 |
| 001 |
239056 |
| 005 |
20231101231640.0 |
| 035 |
|
|
|a (RuTPU)RU\TPU\book\260268
|
| 090 |
|
|
|a 239056
|
| 100 |
|
|
|a 20130603d2013 k y0rusy50 ca
|
| 101 |
0 |
|
|a rus
|
| 102 |
|
|
|a RU
|
| 105 |
|
|
|a a dm 001zy
|
| 200 |
1 |
|
|a Синтез и исследование кобальт-боридных катализаторов гидролиза борсодержащих комплексных гидридов
|e автореферат диссертации на соискание ученой степени кандидата химических наук
|e спец. 02.00.15
|f А. М. Озерова
|g Российская академия наук (РАН), Сибирское отделение (СО), Институт катализа им. Г. К. Борескова (ИК) ; науч. рук. В. И. Симагина
|
| 210 |
|
|
|a Новосибирск
|d 2013
|
| 215 |
|
|
|a 22 с.
|c ил.
|
| 300 |
|
|
|a Защита сост. 22.05.2013 г.
|
| 320 |
|
|
|a Библиогр.: с. 20-22 (17 назв.).
|
| 606 |
1 |
|
|a Катализаторы кобальт-боридные
|2 stltpush
|3 (RuTPU)RU\TPU\subj\72594
|9 86035
|
| 610 |
1 |
|
|a гидролиз
|
| 610 |
1 |
|
|a физико-химические свойства
|
| 610 |
1 |
|
|a каталитическая активность
|
| 610 |
1 |
|
|a взаимосвязь
|
| 610 |
1 |
|
|a боргидрид натрия
|
| 610 |
1 |
|
|a амминборан
|
| 610 |
1 |
|
|a авторефераты диссертаций
|
| 675 |
|
|
|a 544.478(04)
|v 3
|
| 686 |
|
|
|a 02.00.15
|2 oksvnk
|
| 700 |
|
1 |
|a Озерова
|b А. М.
|g Анна Михайловна
|
| 702 |
|
1 |
|a Симагина
|b В. И.
|g Валентина Ильинична
|4 727
|
| 712 |
0 |
2 |
|a Российская академия наук (РАН)
|b Сибирское отделение (СО)
|b Институт катализа им. Г. К. Борескова (ИК)
|c (Новосибирск)
|2 stltpush
|3 (RuTPU)RU\TPU\col\325
|
| 801 |
|
1 |
|a RU
|b 63413507
|c 20130603
|
| 801 |
|
2 |
|a RU
|b 63413507
|c 20130624
|g RCR
|
| 942 |
|
|
|c BK
|